| 000 | 01101nam2a2200241 4500 | ||
|---|---|---|---|
| 001 | rc\2998819 | ||
| 005 | 20260315063557.0 | ||
| 035 | _a(NLR Aleph) 007142353 | ||
| 090 |
_a13614843 _c13614843 |
||
| 100 | _a20110920d1946 u y0rusy50 ca | ||
| 101 | 0 | _arus | |
| 102 | _aRU | ||
| 105 | _ay j ||||| | ||
| 200 | 1 |
_aИстория СССР. Внешняя политика русского царизма в 40-50-х годах XIX в. Крымская война _eЛекции, прочит. в Высш. парт. школе при ЦК ВКП(б) |
|
| 210 | _d1946 | ||
| 215 | _a56 с. | ||
| 461 | 0 |
_1001rc\2998813 _12001#$a[Курс истории СССР]$fВысшая парт. школа при ЦК ВКП(б)$vЛекции 43-44 _97068429 _cМосква _d1944 _fВысшая парт. школа при ЦК ВКП(б) _nБ. и. _t[Курс истории СССР] _vЛекции 43-44 |
|
| 700 | 1 |
_aЯковлев _bН.Н. _gНиколай Никифорович |
|
| 801 | 0 |
_aRU _bNLR _gpsbo |
|
| 801 | 1 |
_aRU _bELAR _2rusmarc |
|
| 852 |
_aNLR _jИр10 Г-5/27 |
||
| 942 | _cUNSPEC | ||
| 980 | _aNB | ||